000 00565nam a2200217Ia 4500
005 20260429111921.0
008 260429s9999||||xx |||||||||||||| ||und||
020 _a9789391502867
041 _aEnglish
082 _a341.48
_bCLA
100 _aClarke, Euroa
245 0 _aWomen security and human rights /
_cEuroa Clarke
250 _a1st ed.
260 _aPune :
_bKnowledge Bakers,
_c2025.
300 _aviii, 296 p.; hb
650 _a Human rights
650 _a Women security
650 _aHuman security
700 _a Watson, sophie
942 _cTB
999 _c51417
_d51417